Statistics for European Football Leagues Quiz (Top20)

Click here to take the quiz!

General Stats

  • This quiz has been taken 52 times
  • The average score is 11 of 20

Answer Stats

HintAnswer% Correct
SpainLa Liga
98%
EnglandPremier League
98%
RussiaRussian Premier League
95%
UkraineUkrainian Premier League
95%
AustriaAustrian Bundesliga
93%
GermanyBundesliga
93%
FranceLigue 1
93%
ItalySerie A
93%
The NetherlandsEredivisie
67%
BelgiumBelgian Pro League
58%
TurkeySüper Lig
49%
ScotlandScottish Premiership
47%
GreeceSuper League Greece
44%
SwitzerlandSwiss Super League
44%
SerbiaSerbian SuperLiga
21%
DenmarkSuperliga
21%
CroatiaCroatian Football League/HNL
19%
CyprusCypriot First Division
9%
CzechiaCzech First League
9%
PortugalPrimeira Lega
2%

Score Distribution

Percentile by Number Answered

Percent of People with Each Score

Your Score History

You have not taken this quiz